Sor María Manuela de Santa Ana : (Record no. 9016)

000 -CABECERA
fixed length control field 01065nam a22002417a 4500
003 - IDENTIFICADOR DEL NÚMERO DE CONTROL
control field AR-CdUCM
008 - DATOS DE LONGITUD FIJA--INFORMACIÓN GENERAL
fixed length control field 190327b ||||| |||| 00| 0 spa d
020 ## - NÚMERO INTERNACIONAL ESTÁNDAR DEL LIBRO
ISBN 9972-691-14-4
040 ## - FUENTE DE LA CATALOGACIÓN
Agencia/entidad que catalogó originalmente la obra MUNICIPALIDAD PROVINCIAL DEL CUSCO
Entidad que transcribió la catalogación BIBLIOTECA MUNICIPAL DEL CUSCO
082 ## - NÚMERO DE LA CLASIFICACIÓN DECIMAL DEWEY
No. de Clasificación 271.4 /
Notacion interna AR74
100 ## - ENTRADA PRINCIPAL--NOMBRE DE PERSONA
Nombre Personal Armacanqui-Tipacti, Elia J.
245 ## - MENCIÓN DE TÍTULO
Título Sor María Manuela de Santa Ana :
Resto del título Una Teresina Peruana /
260 ## - PUBLICACIÓN, DISTRIBUCIÓN, ETC.
Lugar de publicación, distribución, etc. Cusco - Perú :
Nombre de la editorial, distribuidor, etc. Centro Bartolomé de Las Casas ;
Fecha de publicación, distribución, etc. 1999.
300 ## - DESCRIPCIÓN FÍSICA
Nº de Páginas Extensión 254 páginas ;
Dimensiones 21cm
440 ## - MENCIÓN DE SERIE/PUNTO DE ACCESO ADICIONAL--TÍTULO
Título Cuadernos para la Historia de la Evangelización en América Latina
Número de la parte/sección de una obra 21
9 (RLIN) 24957
505 ## - NOTA DE CONTENIDO CON FORMATO
Nota de contenido formateada Contenido: Los antecedentes históricos del siglo XVIII-- Autobiografía: vida, espejo de la vida nacional -- Habilidad financiera de Sor María Manuela -- La poesía de Sor María Manuela...
650 ## - PUNTO DE ACCESO ADICIONAL DE MATERIA--TÉRMINO DE MATERIA
Descriptor Ordenes religiosas
9 (RLIN) 20371
650 ## - PUNTO DE ACCESO ADICIONAL DE MATERIA--TÉRMINO DE MATERIA
Descriptor Religión
9 (RLIN) 1195
650 ## - PUNTO DE ACCESO ADICIONAL DE MATERIA--TÉRMINO DE MATERIA
Descriptor Historia de la iglesia
9 (RLIN) 3114
710 ## - PUNTO DE ACCESO ADICIONAL--NOMBRE DE ENTIDAD CORPORATIVA
Nombre corporativo (En letras Mayúsculas) Centro de Estudios Regionales Andinos Bartolomé de Las Casas
9 (RLIN) 7768
942 ## - ELEMENTOS DE PUNTO DE ACCESO ADICIONAL (KOHA)
Fuente de clasificación
Tipo de item Libros-BMC
945 ## - PROCESAMIENTO DE INFORMACIÓN LOCAL (OCLC)
Catalogador nom
Holdings
Estado de retiro (separado) Fuente de clasificación o esquema de estanterías Estado dañado Ubicación Sala donde se ubica Nombre de la colección Fecha de adquisición o compra Costo, precio normal en soles Signatura topográfica Código de Barras Última vez visto (Koha) Tipo de ítem (Koha)
No     Sala Humanidades Sala Humanidades Book Cart 2019-03-27 25.00 271.4 / AR74 SH0000009854 2019-03-27 Libros-BMC
No     Sala Humanidades Sala Humanidades Book Cart 2019-05-20 15.00 271.4 / AR74 /e.2 SH0000015008 2019-05-20 Libros-BMC

Powered by Koha